All NHL First Draft Picks - Statistiques

Statistiques générales
  • Ce quiz a été pris 173 fois
    89 depuis la dernière actualisation
  • Le résultat moyen est 27 sur 63
Statistiques - réponses
an Team Réponse Nationality Position % Correct
2015 Edmonton Oilers Connor McDavid Canada Forward
95%
2024 San Jose Sharks Macklin Celebrini Canada Forward
95%
2004 Washington Capitals Alexander Ovechkin Russia Forward
93%
2023 Chicago Blackhawks Connor Bedard Canada Forward
93%
2019 New Jersey Devils Jack Hughes United States Forward
93%
2022 Montréal Canadiens Juraj Slafkovsky Slovakia Forward
93%
2005 Pittsburgh Penguins Sydney Crosby Canada Forward
93%
2013 Colorado Avalanche Nathan MacKinnon Canada Forward
91%
2016 Toronto Maple Leafs Auston Matthews United States Forward
88%
2007 Chicago Blackhawks Patrick Kane United States Forward
86%
2020 New York Rangers Alexis Lafreniere Canada Forward
84%
2018 Buffalo Sabres Rasmus Dahlin Sweden Defenceman
84%
2017 New Jersey Devils Nico Hischier Switzerland Forward
77%
2008 Tampa Bay Lightning Steven Stamkos Canada Forward
75%
2003 Pittsburgh Penguins Marc-Andre Fleury Canada Goaltender
74%
2014 Florida Panthers Aaron Ekblad Canada Defenceman
72%
2021 Buffalo Sabres Owen Power Canada Defenceman
72%
2009 New York Islanders John Tavares Canada Forward
68%
2012 Edmonton Oilers Nail Yakupov Russia Forward
67%
2011 Edmonton Oilers Ryan Nugent-Hopkins Canada Forward
61%
2010 Edmonton Oilers Taylor Hall Canada Forward
61%
1998 Tampa Bay Lightning Vincent Lecavalier Canada Forward
60%
2002 Colombus Blue Jackets Rick Nash Canada Forward
58%
2001 Atlanta Trashers Ilya Kovalchuk Russia Forward
56%
1971 Montréal Canadiens Guy Lafleur Canada Forward
54%
1984 Pittsburgh Penguins Mario Lemieux Canada Forward
51%
2000 New York Islanders Rick DiPietro United States Goaltender
51%
1993 Ottawa Senators Alexandre Daigle Canada Forward
46%
1991 Quebec Nordiques Eric Lindros Canada Forward
44%
2006 St. Louis Blues Erik Johnson United States Defenceman
44%
1997 Boston Bruins Joe Thornton Canada Forward
42%
2025 New York Islanders Matthew Schaefer Canada Defenceman
33%
1990 Quebec Nordiques Owen Nolan Canada Forward
28%
1988 Minnesota North Stars Mike Modano United States Forward
26%
1989 Quebec Nordiques Mats Sundin Sweden Forward
25%
1999 Atlanta Trashers Patrik Stefan Czech Republic Forward
25%
1981 Winnipeg Jets Dale Hawerchuk Canada Forward
23%
1996 Ottawa Senators Chris Phillips Canada Defenceman
21%
1992 Tampa Bay Lightning Roman Hamrlik Czechoslovakia Defenceman
21%
1995 Ottawa Senators Bryan Berard United States Defenceman
19%
1994 Florida Panthers Ed Jovanovski Canada Defenceman
19%
1970 Buffalo Sabres Gilbert Perreault Canada Forward
19%
1985 Toronto Maple Leafs Wendel Clark Canada Defenceman
19%
1973 New York Islanders Denis Potvin Canada Defenceman
18%
1980 Montréal Canadiens Doug Wickenheiser Canada Forward
18%
1978 Minnesota North Stars Bobby Smith Canada Forward
16%
1983 Minnesota North Stars Brian Lawton United States Forward
16%
1987 Buffalo Sabres Pierre Turgeon Canada Forward
14%
1977 Detroit Red Wings Dale McCourt Canada Forward
12%
1963 Montréal Canadiens Garry Monahan Canada Forward
12%
1982 Boston Bruins Gord Kluzak Canada Defenceman
12%
1986 Detroit Red Wings Joe Murphy Canada Forward
12%
1968 Montréal Canadiens Michel Plasse Canada Goaltender
12%
1969 Montréal Canadiens Rejean Houle Canada Forward
12%
1979 Colorado Rockies Rob Ramage Canada Defenceman
12%
1965 New York Rangers Andre Veilleux Canada Forward
11%
1972 New York Islanders Billy Harris Canada Forward
11%
1974 Washington Capitals Greg Joly Canada Defenceman
11%
1975 Philadelphia Flyers Mel Bridgman Canada Forward
11%
1976 Washington Capitals Rick Green Canada Defenceman
11%
1966 Boston Bruins Barry Gibbs Canada Defenceman
9%
1964 Detroit Red Wings Claude Gauthier Canada Forward
9%
1967 Los Angeles Kings Rick Pagnutti Canada Defenceman
9%
Aucun quiz correspondant
Distribution des résultats
% des personnes avec chaque résultat
Percentile par nombre de réponses
Votre historique - résultats
Vous n’avez pas pris ce quiz depuis la dernière actualisation